=LDR 00000nam 2200000 4500 =001 000498 =005 20250710101939 =035 ##$$a 0010-0725000360 =007 ta =008 250710################a##########0#ind## =020 ##$$a 978-623-118-784-0 =082 ##$$a 398.209 598 =084 ##$$a 398.209 598 RAC t =100 #$$a Rachmawati, Fauziah =245 1#$$a Tidurlah, Yoyo! /$c Fauziah Rachmawati =250 ##$$a Cetakan Kedua =260 ##$$a Jakarta Timur :$b Badan Pengembangan dan Pembinaan Bahasa,$c 2024 =300 ##$$a 24 hlm. : $b ilus. ; $c 21 x 29,7 cm =650 #4$$a Cerita Anak-Indonesia =650 #4$$a Kesusastraan Anak =856 ##$$a TBM As Suhada =990 ##$$a TBM02510251